Movies Quiz

Random Movies or Actress Quiz
Score 0/30 Timer 07:00
0 Plays Today
% Correct
Morgan Freeman
92.1%
Michael J. Fox
91.8%
Jamie Foxx
88.9%
Jodie Foster
88.4%
Harrison Ford
88.3%
Brendan Fraser
86%
Colin Firth
83.8%
James Franco
81.6%
Laurence Fishburne
80.3%
Will Ferrell
79.9%
Corey Feldman
77.4%
Chris Farley
76.1%
Sally Field
74.6%
Ralph Fiennes
74.5%
Henry Fonda
69.3%
% Correct
Dakota Fanning
69.1%
Mia Farrow
67.4%
Jane Fonda
66.1%
Colin Farrell
65.5%
Vivica A. Fox
60.8%
Joseph Fiennes
60.5%
Errol Flynn
60.4%
Michael Fassbender
59.3%
Albert Finney
55.9%
Edward Furlong
55.3%
Peter Falk
45.7%
Nathan Fillion
43.4%
William Fichtner
28.9%
Edward Fox
27.5%
Robert Forster
27.3%
Remove Ads.
Support Sporcle.
Get the best of Sporcle when you Go Orange. This ad-free experience offers more features, more stats, and more fun while also helping to support Sporcle. Thank you for becoming a member.

You're not logged in!

Compare scores with friends on all Sporcle quizzes.
OR
Log In

Show Comments

Extras

Top Quizzes Today


Score Distribution

Your Account Isn't Verified!

In order to create a playlist on Sporcle, you need to verify the email address you used during registration. Go to your Sporcle Settings to finish the process.

Report this User

Report this user for behavior that violates our Community Guidelines.

Details: